01888aam a2200313 i 4500952013400000999001700134001001000151003001000161005001700171007000300188008004100191020002400232040004800256041000800304082002100312100002600333245008000359264006700439264001200506300003200518336002700550337003300577338002800610505088600638563001501524650001601539942000701555945001201562 00102ddc40708GENaFUSBCbFUSBCd2020-05-11l0oG 233.14 T295sp19286r2019-12-12 00:00:00tEj.1w2016-01-26yPB0k2IINV2023 c45627d45627768714001CO-MdFUSB20201016095523.0ta200511t1903 enk |||| |||| 00| 0 eng d a[¨No incluye ISBN] bspa.aCO-MdFUSBcCO-MdFUSBdCO-MdFUSBCerda aeng 223a233.14bT2951 aTennant, F. R.eautor14aThe sources of the doctrines of the fall and original sin c/ F. R. Tennant 1aCambridge, Inglaterra : bCambridge University Press, c[1903] 4c© 1903 axiv, 363 páginasc; 23 cm atextobtxt2rdacontent 2rdamediaasin mediaciónbn 2rdacarrieravolumenbnc aLas fuentes de las doctrinas de la caída y el pecado original - La historia de la caída y su exégesis - El origen etnológico y relaciones de la historia de la caída - El origen psicológico de la historia de la caída: Su relación a historia, alegoría y mito - La preparación del Antiguo Testamento para una doctrina de la caída y el pecado original - Las enseñanzas de Eclesiastés sobre el pecado y la caída - La preparación para la doctrina de la caída en el judaísmo alejandrino - La caída y el pecado original en la literatura rabínica - La caída y el pecado original en la literatura pseudepigráfica judía - El crecimiento de la doctrina de la caída, y sus elementos, en la literatura judía en su conjunto - La doctrina de la caída de San Pablo - Las doctrinas de la caída y el pecado original en los padres antes de Agustín aPasta dura 79368aPecado cBK aJTF-925